LA BONNE NOUVELLE DE JESUS SELON SAINT MARC (2. LECTURE CONTINUE)

שמור ב:
מידע ביבליוגרפי
מחבר ראשי: Radermakers, Jean (autor)
פורמט: ספר
תגים: הוספת תג
אין תגיות, היה/י הראשונ/ה לתייג את הרשומה!

MARC

LEADER 00000nam^a2200000^a^4500
001 000214001
005 20250521000000.0
009 20260310103544.332
035 |a 036813 
037 |a Acervo Xavier Clavigero 
082 |a 227. 34  |b RAD 
100 |a Radermakers, Jean  |e (autor) 
245 1 3 |a LA BONNE NOUVELLE DE JESUS SELON SAINT MARC (2. LECTURE CONTINUE) 
264 |a BELGICA :  |b INSTITUT D'ETUDES THEOLOGIQUES,  |c 1974 
300 |a 445p. 
336 |a texto  |b txt  |2 rdacontenido 
337 |a sin mediación  |b n  |2 rdamedio 
338 |a volumen  |b nc  |2 rdasoporte 
649 |a XX 
910 |a Fondo General 
920 |a Impresos - Libros 
930 |a Colección General 
905 |a 101 
901 |a 036813  |b IT1  |c ACC  |i 036813  |u 20250521 
902 |a https://opac.biblio.iteso.mx/vufind/Record/000214001